000 00545cam a22002053a 4500
001 34268
003 PGUSA
005 20140828083735.0
008 101109s2010||||xxu|||||s|||||000 | eng d
040 _aPGUSA
_beng
042 _adc
100 1 _aPerry, John
245 1 0 _aSpinning Tops
_h[electronic resource] /
_cJohn Perry
260 _bProject Gutenberg,
_c2010
506 _aPublic domain in the USA.
516 _aElectronic text
830 0 _aProject Gutenberg
_v34268
856 4 0 _uhttp://www.gutenberg.org/ebooks/34268
942 _cEB
999 _c263523
_d263523